Central Library OPAC University of Rajshahi

স্কটল্যাণ্ড ইয়ার্ডের কাহিনী / (Record no. 47672)

MARC details
000 -LEADER
fixed length control field 00838nam a2200217 a 4500
001 - CONTROL NUMBER
control field 47672
003 - CONTROL NUMBER IDENTIFIER
rucl marc code BD-RjUL
005 - DATE AND TIME OF LATEST TRANSACTION
control field 20211209054351.0
008 - FIXED-LENGTH DATA ELEMENTS--GENERAL INFORMATION
fixed length control field 160810s1967 bg ||||| |||| 00| f ben d
020 ## - INTERNATIONAL STANDARD BOOK NUMBER
Terms of availability : Tk. 4.50
035 ## - SYSTEM CONTROL NUMBER
System control number (BD-RjUL)47791
040 ## - CATALOGING SOURCE
Original cataloging agency BD-RjUL
Language of cataloging ben
Transcribing agency BD-RjUL
041 ## - LANGUAGE CODE
Language code of text/sound track or separate title ben
082 ## - DEWEY DECIMAL CLASSIFICATION NUMBER
Edition number 23
Author mark and year THS 1967
Classification number 823
100 1# - MAIN ENTRY--PERSONAL NAME
Personal name টমসন, লরেন্স
9 (RLIN) 144850
245 10 - TITLE STATEMENT
Title স্কটল্যাণ্ড ইয়ার্ডের কাহিনী /
Statement of responsibility, etc. লরেন্স টমসন ; অনুবাদক, গোলাম গফূর
260 ## - PUBLICATION, DISTRIBUTION, ETC. (IMPRINT)
Place of publication, distribution, etc. ঢাকা :
Name of publisher, distributor, etc. নওরোজ কিতাবিস্তান,
Date of publication, distribution, etc. ১৯৬৭
300 ## - PHYSICAL DESCRIPTION
Pagination [১২], ১৯২ পৃ. ;
Size ২১ সেমি.
700 ## - ADDED ENTRY--PERSONAL NAME
Personal name গফূর, গোলাম, অনুবাদক
942 ## - ADDED ENTRY ELEMENTS (KOHA)
Source of classification or shelving scheme Dewey Decimal Classification
Koha item type Books
Holdings
Lost status Source of classification or shelving scheme Damaged status Not for loan Collection code Permanent Location Current Location Shelving location Date acquired Cost, normal purchase price Total Checkouts Full call number Date last seen Copy number Koha item type
  Dewey Decimal Classification     Fiction Central Library, University of Rajshahi Central Library, University of Rajshahi   16/01/1967 4.50   B 823 THS 1967 10/08/2016 C-2 Books
  Dewey Decimal Classification     Fiction Central Library, University of Rajshahi Central Library, University of Rajshahi   16/01/1967 4.50   B 823 THS 1967 10/08/2016 C-3 Books